00424nam a22001457a 450000500170000000800410001702000150005804100120007308200120008510000120009724500520010926000600016130000320022165000250025320240816064255.0240816b |||||||| |||| 00| 0 eng d a0406863148 aEnglish a349 SOU lEnglish aThe All England Law Reports: Annual Review 1991 aLondon: bButterworths and Publishers (Pty) Ltd, c1991 bxxxiv, 423 pages; c25 cm.  aLegal practice bLaw